Radiohead songs by lyrics #2 - Statistics

General Stats
  • This quiz has been taken 115 times
  • The average score is 10 of 17
Answer Stats
Lyrics Song % Correct
This is what you'll get when you mess with us Karma police
91%
Kicking squealing Gucci little piggy Paranoid android
90%
I'm not here, This isn't happening How to disappear completely
87%
She lives with a broken man, a cracked polystyrene man Fake plastic trees
86%
I'm an animal trapped in your hot car All I need
81%
Sing us a song, A song to keep us warm Exit music (for a film)
74%
The walls abandon shape, they've got a Cheshire cat grin Jigsaw falling into place
67%
You broke another mirror, you're turning into something you are not High and dry
64%
Everyone around here, everyone is so near The national anthem
54%
A pig, In a cage, On antibiotics Fitter happier
53%
Kicks you in the teeth, Steel toe caps, Takes all your credit cards A wolf at the door
51%
Today has been the most perfect day I have ever seen Videotape
41%
This goes beyond me, beyond you Daydreaming
30%
If you'd been a dog, They would have drowned you at birth Knives out
28%
Now I can't climb the stairs, pieces missing everywhere Bones
23%
While you make pretty speeches, I'm being cut to shreds Like spinning plates
20%
You got some nerve coming here Morning Mr Magpie
19%
No matching quizzes found
Score Distribution
Percent of People with Each Score
Percentile by Number Answered
Your Score History
You have not taken this quiz